[Event "Amantea op-B 9th"]
[Site "Amantea"]
[Date "2011.09.11"]
[Round "8"]
[White "Catapano, Francesco"]
[Black "Anselmi, Beatrice"]
[Result "1-0"]
[WhiteElo "1787"]
[BlackElo "1734"]
[PlyCount "79"]
[EventDate "2011.09.04"]
[EventType "swiss"]
[EventRounds "8"]
[EventCountry "ITA"]
[SourceTitle "EXT 2014"]
[Source "ChessBase"]
[SourceDate "2013.11.20"]
[SourceVersion "1"]
[SourceVersionDate "2013.11.20"]
[SourceQuality "1"]

1. Nf3 d5 2. g3 g6 3. Bg2 Bg7 4. 0-0 e5 5. d3 Nc6 6. Nbd2 Nge7 7. e4 0-0 8. Qe2 a5 9. a4 b6 10. exd5 Nxd5 11. Nc4 Re8 12. Bg5 f6 13. Bd2 Bb7 14. c3 Rb8 15. Rfe1 Qd7 16. Ne3 Nxe3 17. Bxe3 Ba6 18. Red1 Rbd8 19. Ne1 e4 20. Qc2 Bxd3 21. Nxd3 exd3 22. Bxc6 Qxc6 23. Rxd3 f5 24. Rad1 Bf6 25. Qb3+ Kh8 26. Qf7 Rxd3 27. Rxd3 Qe6 28. Qxc7 Qe4 29. Rd1 Qc2 30. Rd7 Qb1+ 31. Kg2 Qe4+ 32. f3 Qe6 33. Rxh7+ Kg8 34. Bf2 Be5 35. Qd7 Qf6 36. Qxe8+ Kxh7 37. Qd7+ Kg8 38. Qb7 Qd8 39. Qxb6 Qd2 40. Qe6+ 1-0

[Event "Amantea op-B 9th"]
[Site "Amantea"]
[Date "2011.09.05"]
[Round "2"]
[White "Serratore, Vincenzo"]
[Black "Anselmi, Beatrice"]
[Result "1-0"]
[WhiteElo "1859"]
[BlackElo "1734"]
[PlyCount "73"]
[EventDate "2011.09.04"]
[EventType "swiss"]
[EventRounds "8"]
[EventCountry "ITA"]
[SourceTitle "EXT 2014"]
[Source "ChessBase"]
[SourceDate "2013.11.20"]
[SourceVersion "1"]
[SourceVersionDate "2013.11.20"]
[SourceQuality "1"]

1. d4 d5 2. f4 Nf6 3. Nf3 e6 4. e3 Nbd7 5. Bd3 g6 6. Nbd2 Bg7 7. Qe2 0-0 8. c3 c5 9. Ne5 Nxe5 10. fxe5 Nd7 11. Nf3 f6 12. exf6 Bxf6 13. Bd2 e5 14. dxe5 Nxe5 15. Nxe5 Bxe5 16. 0-0-0 Bd7 17. e4 d4 18. Bc4+ Kg7 19. Qd3 Bg4 20. Rdf1 dxc3 21. Bxc3 Bxc3 22. Qxc3+ Qd4 23. Qxd4+ cxd4 24. Kd2 Rad8 25. Kd3 b6 26. b4 Rd7 27. h3 b5 28. Bd5 Bf5 29. g4 Rxd5 30. gxf5 Rd7 31. Rhg1 Kh6 32. f6 g5 33. Rf5 Rdf7 34. e5 Kg6 35. Rgxg5+ Kh6 36. Rh5+ Kg6 37. Rfg5# 1-0

[Event "Mogliano Veneto op-B 32nd"]
[Site "Mogliano Veneto"]
[Date "2011.05.01"]
[Round "5"]
[White "Anselmi, Beatrice"]
[Black "Dussin, Davide"]
[Result "1-0"]
[WhiteElo "1749"]
[BlackElo "1872"]
[PlyCount "61"]
[EventDate "2011.04.29"]
[EventType "swiss"]
[EventRounds "5"]
[EventCountry "ITA"]
[SourceTitle "EXT 2024"]
[Source "ChessBase"]
[SourceDate "2023.10.10"]
[SourceVersion "1"]
[SourceVersionDate "2023.10.10"]
[SourceQuality "1"]

1. e4 c6 2. d4 d5 3. Nc3 dxe4 4. Nxe4 Bf5 5. Ng3 Bg6 6. Nf3 Nd7 7. h4 h6 8. h5 Bh7 9. Bd3 Bxd3 10. Qxd3 e6 11. Bd2 Ngf6 12. 0-0-0 Qc7 13. Rde1 0-0-0 14. Kb1 Bd6 15. Ne2 Ng4 16. Rhf1 Rhe8 17. c4 c5 18. Nc3 a6 19. Ne4 Bf4 20. Bxf4 Qxf4 21. Qa3 Qc7 22. dxc5 Re7 23. c6 Nb8 24. cxb7+ Kxb7 25. Nc5+ Ka7 26. Re4 Nf6 27. Rd4 Ree8 28. Rfd1 Rxd4 29. Nxd4 Kb6 30. Rd3 Qe5 31. Qb4+ 1-0

[Event "Chioggia op-A 05th"]
[Site "Chioggia"]
[Date "2010.10.10"]
[Round "5"]
[White "Mancin, Michele"]
[Black "Anselmi, Beatrice"]
[Result "0-1"]
[WhiteElo "1761"]
[BlackElo "1738"]
[PlyCount "74"]
[EventDate "2010.10.08"]
[EventType "swiss"]
[EventRounds "5"]
[EventCountry "ITA"]
[SourceTitle "EXT 2022"]
[Source "ChessBase"]
[SourceDate "2021.10.06"]
[SourceVersion "1"]
[SourceVersionDate "2021.10.06"]
[SourceQuality "1"]

1. e4 e5 2. Nf3 Nc6 3. Bb5 a6 4. Ba4 Nf6 5. 0-0 b5 6. Bb3 Bc5 7. d3 d6 8. c3 h6 9. h3 0-0 10. Re1 Bb7 11. Nbd2 Re8 12. Nf1 Ne7 13. Ng3 Ng6 14. Bc2 c6 15. a4 d5 16. b4 Bb6 17. a5 Ba7 18. Bb2 c5 19. d4 exd4 20. e5 dxc3 21. Bxc3 Nd7 22. e6 Ndf8 23. exf7+ Kxf7 24. Ne5+ Nxe5 25. Bxe5 cxb4 26. Qh5+ Kg8 27. Qg4 Qg5 28. Qxg5 hxg5 29. Nf5 Ne6 30. Nd6 Re7 31. Bb3 Nc5 32. Bd1 Nd3 33. Nxb7 Nxe1 34. Bd6 Rxb7 35. Bb3 Rf7 36. Bxd5 Rd8 37. Rxe1 Bxf2+ 0-1

[Event "Chioggia op-A 05th"]
[Site "Chioggia"]
[Date "2010.10.08"]
[Round "1"]
[White "Sorbera, Giovanni"]
[Black "Anselmi, Beatrice"]
[Result "1/2-1/2"]
[WhiteElo "2057"]
[BlackElo "1738"]
[PlyCount "44"]
[EventDate "2010.10.08"]
[EventType "swiss"]
[EventRounds "5"]
[EventCountry "ITA"]
[SourceTitle "EXT 2022"]
[Source "ChessBase"]
[SourceDate "2021.10.06"]
[SourceVersion "1"]
[SourceVersionDate "2021.10.06"]
[SourceQuality "1"]

1. e4 e5 2. Nf3 Nc6 3. Bb5 a6 4. Ba4 Nf6 5. 0-0 b5 6. Bb3 Bc5 7. c3 d6 8. d4 Bb6 9. h3 0-0 10. a4 Bb7 11. axb5 axb5 12. Rxa8 Qxa8 13. d5 Ne7 14. Bc2 Ng6 15. Na3 c6 16. dxc6 Bxc6 17. Qxd6 Rd8 18. Qb4 Rc8 19. Re1 Ba5 20. Qd6 Nxe4 21. Bxe4 Bxe4 22. Bg5 Bxf3 1/2-1/2

[Event "Noale Szabados Memorial-B 3rd"]
[Site "Noale"]
[Date "2010.02.06"]
[Round "2"]
[White "Anselmi, Beatrice"]
[Black "Daccico, Gianni"]
[Result "1-0"]
[WhiteElo "1596"]
[BlackElo "1401"]
[PlyCount "45"]
[EventDate "2010.02.05"]
[EventType "swiss"]
[EventRounds "5"]
[EventCountry "ITA"]
[SourceTitle "EXT 2022"]
[Source "ChessBase"]
[SourceDate "2021.10.06"]
[SourceVersion "1"]
[SourceVersionDate "2021.10.06"]
[SourceQuality "1"]

1. e4 e5 2. Nf3 Nc6 3. Bc4 Bc5 4. c3 Nf6 5. d4 exd4 6. cxd4 Bb4+ 7. Bd2 Bxd2+ 8. Nbxd2 0-0 9. 0-0 d6 10. h3 h6 11. Re1 Re8 12. Qb3 Rf8 13. Qc3 Ne7 14. e5 Nh5 15. Qe3 Ng6 16. e6 fxe6 17. Bxe6+ Bxe6 18. Qxe6+ Kh7 19. Qd5 Nhf4 20. Qxb7 Qd7 21. Qb3 Nxh3+ 22. gxh3 Qxh3 23. Ng5+ 1-0

[Event "Chioggia op-B 04th"]
[Site "Chioggia"]
[Date "2009.10.11"]
[Round "5"]
[White "Marchetti, Riccardo"]
[Black "Anselmi, Beatrice"]
[Result "0-1"]
[WhiteElo "1440"]
[BlackElo "1608"]
[PlyCount "90"]
[EventDate "2009.10.09"]
[EventType "swiss"]
[EventRounds "5"]
[EventCountry "ITA"]
[SourceTitle "EXT 2022"]
[Source "ChessBase"]
[SourceDate "2021.10.06"]
[SourceVersion "1"]
[SourceVersionDate "2021.10.06"]
[SourceQuality "1"]

1. c4 e5 2. Nc3 Nf6 3. g3 Nc6 4. Bg2 Be7 5. e3 d6 6. Nge2 Be6 7. Qb3 Rb8 8. d4 Bd7 9. Qc2 0-0 10. 0-0 Qc8 11. Ne4 Bf5 12. Nxf6+ Bxf6 13. Be4 Bxe4 14. Qxe4 exd4 15. exd4 Re8 16. Qd3 Qg4 17. Nf4 Nxd4 18. Be3 Nf3+ 19. Kg2 Ne5 20. Qa3 Qf3+ 21. Kg1 Nxc4 22. Qb4 Nxe3 23. fxe3 Qxe3+ 24. Kg2 Qe4+ 25. Qxe4 Rxe4 26. Rfe1 Rxe1 27. Rxe1 Bxb2 28. Re7 Rc8 29. Nd5 Kf8 30. Rd7 Ke8 31. Re7+ Kf8 32. Rd7 Bf6 33. Nxc7 Rd8 34. Rxd8+ Bxd8 35. Nd5 Ke8 36. Kf3 Kd7 37. Nf4 g6 38. h4 Kc6 39. Kg2 d5 40. Kf2 Bc7 41. Ke3 Bxf4+ 42. Kxf4 Kc5 43. Ke3 d4+ 44. Kd3 f5 45. a4 a5 0-1

[Event "Chioggia op-B 04th"]
[Site "Chioggia"]
[Date "2009.10.10"]
[Round "3"]
[White "Colombo, Matteo"]
[Black "Anselmi, Beatrice"]
[Result "1-0"]
[WhiteElo "1540"]
[BlackElo "1608"]
[PlyCount "75"]
[EventDate "2009.10.09"]
[EventType "swiss"]
[EventRounds "5"]
[EventCountry "ITA"]
[SourceTitle "EXT 2022"]
[Source "ChessBase"]
[SourceDate "2021.10.06"]
[SourceVersion "1"]
[SourceVersionDate "2021.10.06"]
[SourceQuality "1"]

1. e4 e5 2. Nf3 Nc6 3. Bb5 a6 4. Ba4 Nf6 5. 0-0 Be7 6. Re1 b5 7. Bb3 d6 8. c3 0-0 9. h3 Bb7 10. d4 Re8 11. Nbd2 Nb8 12. dxe5 dxe5 13. Nxe5 Rf8 14. Bc2 Bc5 15. b4 Bb6 16. Bb2 Qd6 17. Ndf3 Qe7 18. Qe2 Nh5 19. Rad1 Ng3 20. Qd2 Nc6 21. Nxc6 Bxc6 22. Nd4 Bxd4 23. cxd4 Nh5 24. d5 Bb7 25. Qd4 Qg5 26. Bc1 Qg6 27. Qc5 Qf6 28. Qd4 Qg6 29. Re2 f6 30. e5 f5 31. e6 Rfd8 32. Re5 c5 33. Bxf5 Qf6 34. Bxh7+ Kxh7 35. Rxh5+ Kg8 36. Qxf6 gxf6 37. d6 Re8 38. e7 1-0